Sports Quiz

Random Sports Quiz

Tom Brady's Starts Quiz Stats

 Plays Quiz not verified by Sporcle

Challenge
Share
Tweet
Embed
Score 0/254 Timer 18:00
0 Plays Today
Game Win or Loss % Correct
9/30/01 vs. Indianapolis Colts???
99.2%
10/7/01 at Miami Dolphins???
98.4%
10/14/01 vs. San Diego Chargers???
98.4%
10/21/01 at Indianapolis Colts???
97.7%
11/25/01 vs. New Orleans Saints???
97.7%
12/9/01 vs. Cleveland Browns???
97.7%
12/16/01 at Buffalo Bills???
97.7%
11/4/01 at Atlanta Falcons???
96.9%
12/2/01 at New York Jets???
96.9%
12/23/01 vs. Miami Dolphins???
96.9%
1/19/02 vs. Oakland Raiders???
96.9%
1/27/02 at Pittsburgh Steelers???
96.9%
2/3/02 vs. St. Louis Rams???
96.9%
9/15/02 at New York Jets???
96.9%
9/22/02 vs. Kansas City Chiefs???
96.9%
10/28/01 at Denver Broncos???
96.1%
11/11/01 vs. Buffalo Bills???
96.1%
11/18/01 vs. St. Louis Rams???
96.1%
1/6/02 at Carolina Panthers???
96.1%
9/9/02 vs. Pittsburgh Steelers???
96.1%
9/29/02 at San Diego Chargers???
96.1%
11/24/02 vs. Minnesota Vikings???
96.1%
11/28/02 at Detroit Lions???
96.1%
10/13/02 vs. Green Bay Packers???
95.3%
11/3/02 at Buffalo Bills???
95.3%
12/16/02 at Tennessee Titans???
95.3%
12/29/02 vs. Miami Dolphins???
95.3%
11/16/03 vs. Dallas Cowboys???
95.3%
12/7/03 vs. Miami Dolphins???
95.3%
12/14/03 vs. Jacksonville Jaguars???
95.3%
12/20/03 at New York Jets???
95.3%
2/1/04 vs. Carolina Panthers???
95.3%
10/17/04 vs. Seattle Seahawks???
95.3%
10/24/04 vs. New York Jets???
95.3%
11/7/04 at St. Louis Rams???
95.3%
11/14/04 vs. Buffalo Bills???
95.3%
11/22/04 at Kansas City Chiefs???
95.3%
11/28/04 vs. Baltimore Ravens???
95.3%
12/5/04 at Cleveland Browns???
95.3%
12/12/04 vs. Cincinnati Bengals ???
95.3%
12/20/04 at Miami Dolphins???
95.3%
12/26/04 at New York Jets???
95.3%
1/2/05 vs. San Francisco 49ers???
95.3%
1/16/05 vs. Indianapolis Colts???
95.3%
1/23/05 at Pittsburgh Steelers???
95.3%
9/8/05 vs. Oakland Raiders???
95.3%
2/6/05 vs. Philadelphia Eagles???
95.3%
10/6/02 at Miami Dolphins???
94.6%
10/27/02 vs. Denver Broncos???
94.6%
11/10/02 at Chicago Bears???
94.6%
11/17/02 at Oakland Raiders???
94.6%
12/22/02 vs. New York Jets???
94.6%
9/7/03 at Buffalo Bills???
94.6%
9/21/03 vs. New York Jets???
94.6%
10/5/03 vs. Tennessee Titans???
94.6%
10/12/03 vs. New York Giants???
94.6%
10/19/03 at Miami Dolphins???
94.6%
10/26/03 vs. Cleveland Browns???
94.6%
11/3/03 at Denver Broncos???
94.6%
11/23/03 at Houston Texans???
94.6%
11/30/03 at Indianapolis Colts???
94.6%
12/27/03 vs. Buffalo Bills???
94.6%
1/10/04 vs. Tennessee Titans???
94.6%
1/18/04 vs. Indianapolis Colts???
94.6%
10/3/04 at Buffalo Bills???
94.6%
10/10/04 vs. Miami Dolphins???
94.6%
10/31/04 at Pittsburgh Steelers???
94.6%
9/18/05 at Carolina Panthers???
94.6%
9/25/05 at Pittsburgh Steelers???
94.6%
1/7/06 vs. Jacksonville Jaguars???
94.6%
9/23/07 vs. Buffalo Bills???
94.6%
10/1/07 at Cincinnati Bengals???
94.6%
10/7/07 vs. Cleveland Browns???
94.6%
10/14/07 at Dallas Cowboys???
94.6%
10/21/07 at Miami Dolphins???
94.6%
12/3/07 at Baltimore Ravens???
94.6%
12/9/07 vs. Pittsburgh Steelers???
94.6%
12/16/07 vs. New York Jets???
94.6%
12/23/07 vs. Miami Dolphins???
94.6%
12/29/07 at New York Giants???
94.6%
12/8/02 vs. Buffalo Bills???
93.8%
9/9/04 vs. Indianapolis Colts???
93.8%
9/19/04 at Arizona Cardinals???
93.8%
10/30/05 vs. Buffalo Bills???
93.8%
1/14/06 at Denver Broncos???
93.8%
Game Win or Loss % Correct
10/30/06 at Minnesota Vikings???
93.8%
12/24/06 at Jacksonville Jaguars???
93.8%
1/7/07 vs. New York Jets???
93.8%
1/14/07 at San Diego Chargers???
93.8%
1/21/07 at Indianapolis Colts???
93.8%
9/9/07 at New York Jets???
93.8%
9/16/07 vs. San Diego Chargers???
93.8%
10/28/07 vs. Washington Redskins???
93.8%
11/4/07 at Indianapolis Colts???
93.8%
11/18/07 at Buffalo Bills???
93.8%
11/25/07 vs. Philadelphia Eagles???
93.8%
1/12/08 vs. Jacksonville Jaguars???
93.8%
2/3/08 vs. New York Giants???
93.8%
1/20/08 vs. San Diego Chargers???
93.8%
9/7/08 vs. Kansas City Chiefs???
93.8%
12/22/13 at Baltimore Ravens???
93.8%
12/29/13 vs. Buffalo Bills???
93.8%
1/11/14 vs. Indianapolis Colts???
93.8%
1/19/14 at Denver Broncos???
93.8%
9/14/03 at Philadelphia Eagles???
93%
9/28/03 at Washington Redskins???
93%
10/2/05 vs. San Diego Chargers???
93%
10/16/05 at Denver Broncos???
93%
11/7/05 vs. Indianapolis Colts???
93%
11/20/05 vs. New Orleans Saints???
93%
9/10/06 vs. Buffalo Bills???
93%
10/25/09 at Tampa Bay Buccaneers???
93%
11/8/09 vs. Miami Dolphins???
93%
11/22/09 vs. New York Jets???
93%
12/13/09 vs. Carolina Panthers???
93%
12/27/09 vs. Jacksonville Jaguars???
93%
9/12/10 vs. Cincinnati Bengals???
93%
10/24/10 at San Diego Chargers???
93%
1/13/13 vs. Houston Texans???
93%
1/20/13 vs. Baltimore Ravens???
93%
10/9/05 at Atlanta Falcons???
92.2%
11/13/05 at Miami Dolphins???
92.2%
11/27/05 at Kansas City Chiefs???
92.2%
12/11/05 at Buffalo Bills???
92.2%
12/18/05 vs. Tampa Bay Buccaneers???
92.2%
1/1/06 vs. Miami Dolphins???
92.2%
9/17/06 at New York Jets???
92.2%
10/1/06 at Cincinnati Bengals???
92.2%
10/8/06 vs. Miami Dolphins???
92.2%
11/12/06 vs. New York Jets???
92.2%
11/19/06 at Green Bay Packers???
92.2%
11/26/06 vs. Chicago Bears???
92.2%
12/3/06 vs. Detroit Lions???
92.2%
12/17/06 vs. Houston Texans???
92.2%
12/31/06 at Tennessee Titans???
92.2%
9/14/09 vs. Buffalo Bills???
92.2%
9/27/09 vs. Atlanta Falcons???
92.2%
10/11/09 at Denver Broncos???
92.2%
10/18/09 vs. Tennessee Titans???
92.2%
11/30/09 at New Orleans Saints???
92.2%
12/20/09 at Buffalo Bills???
92.2%
1/10/10 vs. Baltimore Ravens???
92.2%
9/26/10 vs. Buffalo Bills???
92.2%
10/4/10 at Miami Dolphins???
92.2%
10/17/10 vs. Baltimore Ravens???
92.2%
11/7/10 at Cleveland Browns???
92.2%
11/14/10 at Pittsburgh Steelers???
92.2%
11/21/10 vs. Indianapolis Colts???
92.2%
11/25/10 at Detroit Lions???
92.2%
12/6/10 vs. New York Jets???
92.2%
12/12/10 at Chicago Bears???
92.2%
12/19/10 vs. Green Bay Packers???
92.2%
12/26/10 at Buffalo Bills???
92.2%
1/2/11 vs. Miami Dolphins???
92.2%
1/16/11 vs. New York Jets???
92.2%
12/30/12 vs. Miami Dolphins???
92.2%
9/8/13 at Buffalo Bills???
92.2%
9/22/13 vs. Tampa Bay Buccaneers???
92.2%
11/18/13 at Carolina Panthers???
92.2%
12/15/13 at Miami Dolphins???
92.2%
9/7/14 at Miami Dolphins???
92.1%
9/14/14 at Minnesota Vikings???
92.1%
9/21/14 vs. Oakland Raiders???
92.1%
9/29/14 at Kansas City Chiefs???
92.1%
10/5/14 vs. Cincinnati Bengals???
92.1%
10/12/14 at. Buffalo Bills???
92.1%
10/16/14 vs. New York Jets???
92.1%
10/26/14 vs. Chicago Bears???
92.1%
11/2/14 vs. Denver Broncos???
92.1%
11/16/14 at Indianapolis Colts???
92.1%
Game Win or Loss % Correct
11/23/14 vs. Detroit Lions???
92.1%
11/30/14 at Green Bay Packers???
92.1%
12/7/14 at San Diego Chargers???
92.1%
12/14/14 vs. Miami Dolphins???
92.1%
12/21/14 at New York Jets???
92.1%
12/28/14 vs. Buffalo Bills???
92.1%
1/10/15 vs. Baltimore Ravens???
92.1%
1/18/15 vs. Indianapolis Colts???
92.1%
2/1/15 vs. Seattle Seahawks???
92.1%
9/10/15 vs. Pittsburgh Steelers???
92.1%
9/20/15 at Buffalo Bills???
92.1%
9/27/15 vs. Jacksonville Jaguars???
92.1%
10/11/15 at Dallas Cowboys???
92.1%
10/18/15 at Indianapolis Colts???
92.1%
10/25/15 vs. New York Jets???
92.1%
10/29/15 vs. Miami Dolphins???
92.1%
11/8/15 vs. Washington Redskins???
92.1%
11/15/15 at New York Giants???
92.1%
11/23/15 vs. Buffalo Bills???
92.1%
11/29/15 at Denver Broncos???
92.1%
12/6/15 vs. Philadelphia Eagles???
92.1%
12/13/15 at Houston Texans???
92.1%
12/20/15 vs. Tennessee Titans???
92.1%
12/27/15 at New York Jets???
92.1%
1/3/16 at Miami Dolphins???
92.1%
1/16/16 vs. Kansas City Chiefs???
92.1%
1/23/16 at Denver Broncos???
92.1%
12/26/05 at New York Jets???
91.5%
10/22/06 at Buffalo Bills???
91.5%
11/5/06 vs. Indianapolis Colts???
91.5%
12/10/06 at Miami Dolphins???
91.5%
9/20/09 at New York Jets???
91.5%
10/4/09 vs. Baltimore Ravens???
91.5%
11/15/09 at Indianapolis Colts ???
91.5%
12/6/09 at Miami Dolphins???
91.5%
1/3/10 at Houston Texans???
91.5%
9/19/10 at New York Jets???
91.5%
10/31/10 vs. Minnesota Vikings???
91.5%
9/12/11 at Miami Dolphins???
91.5%
9/18/11 vs. San Diego Chargers???
91.5%
10/2/11 at Oakland Raiders???
91.5%
10/9/11 vs. New York Jets???
91.5%
10/16/11 vs. Dallas Cowboys???
91.5%
1/14/12 vs. Denver Broncos???
91.5%
1/22/12 vs. Baltimore Ravens???
91.5%
2/5/12 vs. New York Giants???
91.5%
9/9/12 at Tennessee Titans???
91.5%
9/16/12 vs. Arizona Cardinals???
91.5%
10/7/12 vs. Denver Broncos???
91.5%
10/14/12 at Seattle Seahawks???
91.5%
10/21/12 vs. New York Jets???
91.5%
10/28/12 at St. Louis Rams???
91.5%
11/11/12 vs. Buffalo Bills???
91.5%
11/18/12 vs. Indianapolis Colts???
91.5%
12/10/12 vs.Houston Texans???
91.5%
12/16/12 vs. San Francisco 49ers???
91.5%
12/23/12 at Jacksonville Jaguars???
91.5%
9/29/13 at Atlanta Falcons???
91.5%
10/6/13 at Cincinnati Bengals???
91.5%
10/13/13 vs. New Orleans Saints???
91.5%
10/27/13 vs. Miami Dolphins???
91.5%
11/3/13 vs. Pittsburgh Steelers???
91.5%
11/24/13 vs. Denver Broncos???
91.5%
12/8/13 vs. Cleveland Browns???
91.5%
12/4/05 vs. New York Jets???
90.7%
9/24/06 vs. Denver Broncos???
90.7%
9/25/11 at Buffalo Bills???
90.7%
10/23/11 at Pittsburgh Steelers???
90.7%
11/6/11 vs. New York Giants???
90.7%
11/21/11 vs. Kansas City Chiefs???
90.7%
11/27/11 at Philadelphia Eagles???
90.7%
12/4/11 vs. Indianapolis Colts???
90.7%
12/11/11 at Washington Redskins???
90.7%
12/18/11 at Denver Broncos ???
90.7%
12/24/11 vs. Miami Dolphins???
90.7%
12/31/11 vs. Buffalo Bills???
90.7%
9/23/12 at Baltimore Ravens???
90.7%
9/30/12 at Buffalo Bills???
90.7%
11/22/12 at New York Jets???
90.7%
12/2/12 at Miami Dolphins???
90.7%
10/20/13 at New York Jets???
90.7%
12/1/13 at Houston Texans???
90.7%
11/13/11 at New York Jets???
89.9%
9/12/13 vs. New York Jets???
70.5%

You're not logged in!

Compare scores with friends on all Sporcle quizzes.
Join for Free
OR
Log In

You Might Also Like...

Show Comments

Extras

Top Quizzes Today


Score Distribution

Your Account Isn't Verified!

In order to create a playlist on Sporcle, you need to verify the email address you used during registration. Go to your Sporcle Settings to finish the process.

Report this User

Report this user for behavior that violates our Community Guidelines.

Details: